Calculus on Manifold:A Modern Approach To Classical Theorems Of Advanced Calculus (Record no. 6347)

MARC details
000 -LEADER
fixed length control field 00558nam a2200193Ia 4500
008 - FIXED-LENGTH DATA ELEMENTS--GENERAL INFORMATION
fixed length control field 130729s9999 xx 000 0 und d
072 ## - SUBJECT CATEGORY CODE
Subject category code Elementary Versions Of Modern Methods(Calculus,Study Of Curves And Surfaces)
082 ## - DEWEY DECIMAL CLASSIFICATION NUMBER
Classification number 515
082 ## - DEWEY DECIMAL CLASSIFICATION NUMBER
Item number Sp498
100 ## - MAIN ENTRY--PERSONAL NAME
Personal name Spivak, Michael
9 (RLIN) 575
245 ## - TITLE STATEMENT
Title Calculus on Manifold:A Modern Approach To Classical Theorems Of Advanced Calculus
245 ## - TITLE STATEMENT
Statement of responsibility, etc Spivak, Michael
260 ## - PUBLICATION, DISTRIBUTION, ETC. (IMPRINT)
Place of publication, distribution, etc New York
260 ## - PUBLICATION, DISTRIBUTION, ETC. (IMPRINT)
Name of publisher, distributor, etc Benjamin
260 ## - PUBLICATION, DISTRIBUTION, ETC. (IMPRINT)
Date of publication, distribution, etc 1965
300 ## - PHYSICAL DESCRIPTION
Extent 137
300 ## - PHYSICAL DESCRIPTION
Type of unit Illustration & index
942 ## - ADDED ENTRY ELEMENTS (KOHA)
Item type Book

No items available.